Lo que no conté en la Historia de San Michele / (Record no. 109728)

MARC details
000 -LEADER
campo de control de longitud fija 00617nam a2200193 4500
001 - NÚMERO DE CONTROL
campo de control 109728
003 - IDENTIFICADOR DE NÚMERO DE CONTROL
campo de control ES-MaACL
005 - FECHA Y HORA DE LA ÚLTIMA TRANSACCIÓN
campo de control 20251124170355.0
007 - CAMPO FIJO DE DESCRIPCIÓN FÍSICA--INFORMACIÓN GENERAL
campo de control de longitud fija t|
008 - DATOS DE LONGITUD FIJA--INFORMACIÓN GENERAL
campo de control de longitud fija 061121s1942 sp r ||||1| spa d
100 1# - ENTRADA PRINCIPAL--NOMBRE DE PERSONA
Nombre de persona Munthe, Axel.
9 (RLIN) 84247
245 10 - MENCIÓN DEL TÍTULO
Título Lo que no conté en la Historia de San Michele /
Mención de responsabilidad, etc. Axel Munthe ; traducción de Alfonso Nadal ; ilustraciones de José Narro.
260 ## - PUBLICACIÓN, DISTRIBUCIÓN, ETC.
Lugar de publicación, distribución, etc. Madrid :
Nombre del editor, distribuidor, etc. Gacela,
Fecha de publicación, distribución, etc. 1942.
300 ## - DESCRIPCIÓN FÍSICA
Extensión 224 p. :
Otras características físicas IL. ;
Dimensiones 23 cm.
700 1# - ENTRADA AGREGADA--NOMBRE PERSONAL
Nombre de persona Nadal, Alfonso.
9 (RLIN) 84791
700 1# - ENTRADA AGREGADA--NOMBRE PERSONAL
Nombre de persona Narro, José,
Fechas asociadas al nombre 1902-
9 (RLIN) 84950
852 ## - LOCALIZACIÓN
Ubicación ES-MaACL
Número de control de estantería F-15501
Sublocalización o colección R.19788
Holdings
Estatus retirado Estado de pérdida Estado de daño No para préstamo Biblioteca de origen Biblioteca actual Ubicación en estantería Fecha de adquisición Fuente de adquisición Total de préstamos Signatura topográfica completa Código de barras Visto por última vez Precio de reemplazo Tipo de ítem Koha
        Biblioteca del Ateneo de Madrid Biblioteca del Ateneo de Madrid Sala Pecera Planta 2 17/01/2008     F-15501 1114487 23/02/2023 23/02/2023 Libro impreso